000
00286nam a22001217a 4500
082
_a
158
_b
PRA/U
100
_a
PRASAD,T.G.C
245
_a
UNUSUAL PEOPLE DO THINGS DIFFERENTLY
260
_a
INDIA
_b
PENGUIN BOOKS
300
_a
296
650
_a
PERSONALITY DEVELOPMENT
_z
INDIA
942
_c
BK
999
_c
5382
_d
5382